Normal view
MARC view
- Radebaugh,Lee H / Gray, Sidney J
Entry Personal Name
001 - CONTROL NUMBER
- control field: 3213
003 - CONTROL NUMBER IDENTIFIER
- control field: JO-AjAnu
005 - DATE AND TIME OF LATEST TRANSACTION
- control field: 20230606070829.0
008 - FIXED-LENGTH DATA ELEMENTS
- fixed length control field: 230606|| aca||aabn | a|a d
040 ## - CATALOGING SOURCE
- Original cataloging agency: JO-AjAnu
- Transcribing agency: JO-AjAnu
100 ## - HEADING--PERSONAL NAME
- Personal name: Radebaugh,Lee H / Gray, Sidney J
670 ## - SOURCE DATA FOUND
- Source citation: Work cat.: (JO-AjAnu)1682: Radebaugh,Lee H / Gray, Sidney J, author, International Accounting and Multinational Enterpises